000
00339pab a2200145 454500
008
180718b1987 xxu||||| |||| 00| 0 eng d
100
_a
Nixon, P.G.
245
_a
Bureaucracy and innovation
260
_c
1987
300
_a
280-98
362
_a
Summer
650
_a
Bureaucracy
773
_a
Canadian Public Administration
909
_a
4955
999
_c
4955
_d
4955